00918nam a2200241 a 450000100100000000500170001000800410002702000150006804000250008308200210010810000490012924500870017826000280026530000410029349000300033450000640036465000330042865000310046183000390049204900090053195201190054099900170065900002134420200930011314.0100906s1999 sp ac r 000 f spa d a8420790567 aDO-SdBNPbspacBNPHU a809.93354bC335a1 aCasariego Córdoba, Martín,d1962-94458110aEl amor y la literatura :bLa mirada del escritor /cMartín Casariego Córdoba. aMadrid :bAnaya,c1999. a111, [1] p. :bil., retrs. ;c21 cm.1 aPunto de referencia Anaya aIncluye referencias bibliograficas al pie de las páginas. 4aAmor en la literatura922842 4aLiteratura española9632 0aPunto de referencia Anaya ;944582 aBNGR 001050718MOaGRbGRcHDd2017-04-20iLF1l0o809.93354 C335ap21344-10r2020-06-25w2020-06-25y1ZNo se presta c20844d20844